00394nam a2200157Ia 4500003000900000008004100009020001800050040001600068080001900084100001500103245002600118260002600144300001600170650003400186650001600220IN-BaIIA211028s9999 xx 000 0 eng d a0-7126-6988-4 cIIA Library a[8]:01:00bWAR aWarwick, K 0aI, CyborgcK. Warwick aLondonbCenturyc2002 aviii, 312p. aAutobiography - Kevin Warwick aCybernetics